Statistics for British Monarchs

Click here to take the quiz!

General Stats

  • This quiz has been taken 449 times
  • The average score is 45 of 71

Answer Stats

Years Reigned Years Alive Answer % Correct
1952-Present1926-PresentElizabeth II
97%
1558-16031533-1603Elizabeth I
97%
1714-17271660-1727George I
95%
1727-17601683-1760George II
95%
1910-19361865-1936George V
94%
1760-18201738-1820George III
94%
1936-19521895-1952George VI
93%
1820-18301762-1830George IV
93%
1837-19011819-1901Victoria
92%
1485-15091457-1509Henry VII
92%
1422-14611421-1471Henry VI
92%
1413-14221386-1422Henry V
92%
1154-11891133-1189Henry II Curtmantle
92%
1100-11351068-1135Henry I
92%
1066-10871028-1087William I The Conqueror
91%
1509-15471481-1547Henry VIII
91%
1272-13071239-1307Edward I Longshanks
91%
1216-12721207-1272Henry III
91%
1308-13271284-1327Edward II
91%
14831470-1483?Edward V
90%
1547-15531537-1553Edward VI
90%
1461-14701442-1483Edward IV
90%
1399-14131367-1413Henry IV
90%
1901-19101841-1910Edward VII
90%
1327-13771312-1377Edward III
90%
1660-16851630-1685Charles II
89%
1553-15581516-1558Mary I
89%
19361894-1972Edward VIII
89%
1087-1100c.1056-1100William II Rufus
89%
1625-16491600-1649Charles I
89%
1688-1702 (w/Below)1650-1702William III
87%
1603-16251566-1625James I
85%
1830-18371765-1837William IV
84%
1685-16881633-1701James II
84%
1183-11991157-1199Richard I The Lionheart
84%
1199-12161166-1216John Lackland
83%
1377-13991367-1400Richard II
83%
1483-14851452-1485Richard III
82%
1688-1694 (w/Above)1662-1694Mary II
82%
1702-17141665-1714Anne
82%
1135-1154c.1092-1154Stephen
65%
1553 (disputed)1536-1554Jane
59%
1649-16581599-1658Oliver Cromwell
55%
871-899c.849-899Alfred the Great
51%
1066c.1020-1066Harold II Godwinson
45%
1035-1040c.1016-1040Harold I Harefoot
41%
1016-1035c.995-1035Canute
36%
1141-1148 (Disputed)c.1102-1167Matilda
33%
1042-1066c.1004-1066Edward the Confessor
33%
1658-16591626-1712Richard Cromwell
29%
978-1013c.968-1016Aethelred II The Unready
26%
1014-1016c.968-1016Aethelred II The Unready
25%
940-946c.922-946Edmund I
18%
1016c.990-1016Edmund II Ironside
16%
866-871c.837-871Aethelred I
15%
1040-1042c.1018-1042Harthacanute
14%
924-940c.895-940Athelstan
13%
802-839c.769-839Egbert
13%
1170-1183 (Junior King)1155-1183Henry the Young King
12%
959-975c.943-975Edgar I
12%
1066 (Uncrowned)c.1051-c.1126Edgar II The Aethling
11%
946-955c.923-955Edred
10%
975-978c.973-978Edward the Martyr
10%
955-959c.940-959Edwy
10%
1013-1014c.968-1014Sweyn Forkbeard
9%
899-924c.871-924Edward the Elder
8%
839-858795-858Aethelwulf
8%
860-866c.834-866Aethelbert
5%
858-860c.831-860Aethelbald
5%

Score Distribution

Percentile by Number Answered

Percent of People with Each Score

Your Score History

You have not taken this quiz